00282pam a2200109 a 4500020000500000041000500005082002800010100002800038245004200066260005600108300000800164 c h a6.7000000000000002bKOE aKoegal, Buford, John, F aMultimedia SystemshTextual Documents aNew DelhibPearson Education [Addison Wesley]c2008 a463